000 00381pab a2200145 454500
008 180718b2004 xxu||||| |||| 00| 0 eng d
100 _aFine, Ben
245 _aGlobalization of panglossianization? A critical response to Keith Griffin
260 _c2004
300 _ap.583-91.
362 _aJun
650 _aGlobalization
773 _aDevelopment and Change
909 _a62115
999 _c62115
_d62115